| 000 | 00907nam a22003017a 4500 | ||
|---|---|---|---|
| 003 | EG-ScBUE | ||
| 005 | 20220919104636.0 | ||
| 008 | 090205t2003 enkab f 001 0 eng d | ||
| 020 | _a9781856692908 | ||
| 020 | _a1856692906 | ||
| 040 |
_aEG-ScBUE _beng _erda _cEG-ScBUE _dEG-ScBUE |
||
| 082 | 0 | 4 |
_222 _a712 _bHOL |
| 100 | 1 |
_aHolden, Robert, _d1947- _eauthor. |
|
| 245 | 1 | 0 |
_aNew landscape design / _cRobert Holden. |
| 264 | 1 |
_aLondon : _bLaurence King, _c[2003] |
|
| 264 | 4 | _cc2003 | |
| 300 |
_a192 pages : _billustrations (chiefly color), maps (some color) ; _c30 cm |
||
| 336 |
_2rdacontent _atext _btxt |
||
| 337 |
_2rdamedia _aunmediated _bn |
||
| 338 |
_2rdacarrier _avolume _bnc |
||
| 500 | _aIncludes index. | ||
| 650 | 7 |
_aLandscape architecture. _2BUEsh |
|
| 650 | 7 |
_aLandscape design. _2BUEsh |
|
| 651 | _2BUEsh | ||
| 653 | _bENGARC | ||
| 655 |
_vReading book _934232 |
||
| 942 |
_2ddc _cBB |
||
| 999 |
_c10724 _d10724 |
||